Les villes de la région Sud (PACA) - Statistiques

Statistiques générales
  • Ce quiz a été pris 848 fois
  • Le résultat moyen est 10 sur 18
Answers on the Grid
Answers color-coded by a green-red scale on the quiz's grid according to % correct below.
Toulon
Montpellier
Manosque
Avignon
Gap
Agde
Perpignan
Nice
Briançon
Montélimar
Draguignan
Martigues
Aix-en-Provence
Alès
Nîmes
Cannes
Brignoles
Valence
Digne-les-bains
Arles
Menton
La Seyne-sur-mer
Béziers
Calvi
Marseille
Grenoble
Narbonne
Carpentras
Privas
Cavaillon
 
Statistiques - réponses
Réponse % Correct
Toulon
89%
Avignon
74%
Nice
74%
Aix-en-Provence
64%
Gap
64%
Manosque
56%
Cannes
55%
Martigues
54%
Marseille
53%
Menton
50%
Draguignan
49%
La Seyne-sur-mer
45%
Brignoles
41%
Digne-les-bains
40%
Arles
39%
Briançon
39%
Cavaillon
37%
Carpentras
36%
Aucun quiz correspondant
Distribution des résultats
% des personnes avec chaque résultat
Percentile par nombre de réponses
Votre historique - résultats
Vous n’avez pas pris ce quiz